[Event "Tehran Universities-ch (Women)"]
[Site "Tehran"]
[Date "2020.11.30"]
[Round "4"]
[White "Asgharpourmasoleh, Tara"]
[Black "Hamedi Nia, Vesal"]
[Result "0-1"]
[WhiteElo "1712"]
[BlackElo "1837"]
[PlyCount "82"]
[EventDate "2020.11.30"]
[EventType "swiss (rapid)"]
[EventRounds "7"]
[EventCountry "IRI"]
[SourceTitle "CBM 199 Extra"]
[Source "ChessBase"]
[SourceDate "2021.01.31"]
[SourceVersion "1"]
[SourceVersionDate "2021.01.31"]
[SourceQuality "1"]

1. e4 c5 2. c4 Nc6 3. Ne2 g6 4. d4 cxd4 5. Nxd4 Bg7 6. Be3 Nf6 7. Nc3 0-0 8. f3 d6 9. Qd2 a6 10. Be2 Nd7 11. 0-0 Nc5 12. Rab1 Ne6 13. Nc2 Bd7 14. Rfd1 b6 15. Nd5 Rb8 16. b4 b5 17. c5 Ne5 18. cxd6 exd6 19. Nf4 Rc8 20. Ne1 Rc6 21. Rbc1 Nc4 22. Bxc4 bxc4 23. Nxe6 Bxe6 24. Bd4 Qb8 25. Bxg7 Kxg7 26. Qd4+ Kg8 27. a3 Qb5 28. Rc3 Rfc8 29. Rdc1 a5 30. bxa5 Qxa5 31. Nc2 Rb8 32. Nb4 Rcb6 33. h3 Qg5 34. Nd5 Bxd5 35. Qxd5 Qg3 36. Qxc4 Rb2 37. Qf1 h5 38. Rc8+ Rxc8 39. Rxc8+ Kg7 40. Rc1 h4 41. Ra1 Qe5 0-1

[Event "IRI-ch (Women)"]
[Site "Tehran"]
[Date "2017.11.03"]
[Round "3"]
[White "Asgharpourmasoleh, Tara"]
[Black "Kiani, Rahil"]
[Result "1/2-1/2"]
[WhiteElo "1855"]
[BlackElo "1694"]
[PlyCount "92"]
[EventDate "2017.11.02"]
[EventType "swiss"]
[EventRounds "9"]
[EventCountry "IRI"]
[SourceTitle "CBM 181 Extra"]
[Source "ChessBase"]
[SourceDate "2017.12.12"]
[SourceVersion "1"]
[SourceVersionDate "2017.12.12"]
[SourceQuality "1"]

1. e4 e5 2. Nf3 Nf6 3. Nxe5 d6 4. Nf3 Nxe4 5. d4 d5 6. Bd3 Nc6 7. 0-0 Be7 8. Re1 Bg4 9. c4 Bxf3 10. Qxf3 Nxd4 11. Qd1 0-0 12. cxd5 Nf6 13. Nc3 c5 14. dxc6 Nxc6 15. Bf4 Nb4 16. Bc4 Bc5 17. a3 Nc6 18. Bg5 Qd4 19. Qxd4 Bxd4 20. Nb5 Bxb2 21. Rab1 Be5 22. f4 Bb8 23. Bxf6 gxf6 24. g3 a6 25. Nc3 Ba7+ 26. Kg2 Rac8 27. Rxb7 Bd4 28. Nd5 Na5 29. Ne7+ Kh8 30. Nxc8 Nxb7 31. Ne7 Nc5 32. Nf5 Bb2 33. Re7 Bxa3 34. Ra7 Bb2 35. Nh6 Kg7 36. Nxf7 Kg6 37. Nd6 f5 38. Nb7 Nxb7 39. Rxb7 Rc8 40. Rxb2 Rxc4 41. Rb6+ Kh5 42. Rxa6 Rc2+ 43. Kh3 h6 44. Ra1 Rb2 45. Rg1 Rf2 46. Rg2 Rxf4 1/2-1/2

[Event "Asia zt 3.1 (Women)"]
[Site "Tehran"]
[Date "2017.07.07"]
[Round "9"]
[White "Asgharpourmasoleh, Tara"]
[Black "Hamedi Nia, Vesal"]
[Result "1-0"]
[WhiteElo "1773"]
[BlackElo "1933"]
[PlyCount "75"]
[EventDate "2017.06.30"]
[EventType "swiss"]
[EventRounds "9"]
[EventCountry "IRI"]
[SourceTitle "CBM 179 Extra"]
[Source "ChessBase"]
[SourceDate "2017.08.23"]
[SourceVersion "1"]
[SourceVersionDate "2017.08.23"]
[SourceQuality "1"]

1. e4 c5 2. c4 Nc6 3. Ne2 Nf6 4. Nbc3 e6 5. d4 cxd4 6. Nxd4 Be7 7. Be3 0-0 8. Be2 a6 9. 0-0 Qc7 10. f4 d6 11. Qd2 Bd7 12. Rac1 Rac8 13. Bf3 Rfd8 14. Nd5 exd5 15. cxd5 Qb8 16. dxc6 bxc6 17. h3 c5 18. Ne2 Bc6 19. Nc3 Qb7 20. Qc2 Ne8 21. g4 Rb8 22. b3 Bf6 23. Qg2 Bxc3 24. Rxc3 Nf6 25. e5 Bxf3 26. Qxf3 Ne4 27. Rc2 dxe5 28. fxe5 Re8 29. Rc4 Rxe5 30. Bf4 Rbe8 31. Bxe5 Rxe5 32. Re1 Nd6 33. Qxb7 Rxe1+ 34. Kf2 Nxb7 35. Kxe1 f6 36. b4 cxb4 37. Rc8+ Kf7 38. Rc7+ 1-0

[Event "Asia zt 3.1 (Women)"]
[Site "Tehran"]
[Date "2017.07.04"]
[Round "6"]
[White "Majed, Negin"]
[Black "Asgharpourmasoleh, Tara"]
[Result "1/2-1/2"]
[WhiteElo "1692"]
[BlackElo "1773"]
[PlyCount "93"]
[EventDate "2017.06.30"]
[EventType "swiss"]
[EventRounds "9"]
[EventCountry "IRI"]
[SourceTitle "CBM 179 Extra"]
[Source "ChessBase"]
[SourceDate "2017.08.23"]
[SourceVersion "1"]
[SourceVersionDate "2017.08.23"]
[SourceQuality "1"]

1. d4 Nf6 2. Nf3 e6 3. Bf4 d5 4. e3 c5 5. c3 Nc6 6. Bd3 Bd6 7. Bxd6 Qxd6 8. Nbd2 0-0 9. 0-0 e5 10. dxe5 Nxe5 11. Nxe5 Qxe5 12. Nf3 Qe7 13. c4 dxc4 14. Bxc4 Bf5 15. Qb3 Rad8 16. Rad1 Ne4 17. Rd5 Rxd5 18. Bxd5 b6 19. Rd1 Bg4 20. Bxe4 Qxe4 21. Qd5 Qxd5 22. Rxd5 Be6 23. Rd3 f6 24. a3 Kf7 25. Nd2 Ke7 26. Kf1 Bc8 27. Ke1 Ba6 28. Rc3 Rd8 29. b4 cxb4 30. Rc7+ Rd7 31. Rxd7+ Kxd7 32. axb4 Bb7 33. g3 Kc6 34. Ne4 Kd5 35. Nd2 Kc6 36. Ne4 Kd5 37. Nd2 f5 38. Kd1 a5 39. bxa5 bxa5 40. Kc2 Kc5 41. Kc3 a4 42. Nc4 Ba6 43. Na3 Kd5 44. Nc2 Kc5 45. Nd4 Bc8 46. Ne2 Kd5 47. Nd4 1/2-1/2

[Event "Asian Schools-ch 12th U17 Girls"]
[Site "Tehran"]
[Date "2016.07.13"]
[Round "4.5"]
[White "Omurbekova, Diana"]
[Black "Asgharpourmasoleh, Tara"]
[Result "1-0"]
[WhiteElo "1880"]
[BlackElo "1647"]
[PlyCount "165"]
[EventDate "2016.07.11"]
[EventType "swiss"]
[EventRounds "9"]
[EventCountry "IRI"]
[SourceTitle "EXT 2024"]
[Source "ChessBase"]
[SourceDate "2023.10.10"]
[SourceVersion "1"]
[SourceVersionDate "2023.10.10"]
[SourceQuality "1"]

1. e4 e5 2. Nf3 Nc6 3. Bb5 a6 4. Ba4 Nf6 5. 0-0 b5 6. Bb3 Be7 7. Re1 0-0 8. c3 d6 9. h3 Bb7 10. d4 h6 11. Nbd2 Re8 12. d5 Nb8 13. a4 Nbd7 14. Bc2 c6 15. dxc6 Bxc6 16. a5 Qc7 17. Nf1 d5 18. exd5 Bxd5 19. Ne3 Bb7 20. Nf5 Bf8 21. Qe2 e4 22. N3d4 Nc5 23. Be3 Bd5 24. Qd2 Bc4 25. Bf4 Qd7 26. b3 Bd3 27. Bxd3 Nxd3 28. Re2 Nxf4 29. Qxf4 Nd5 30. Qg4 Kh7 31. Rc1 Rac8 32. c4 bxc4 33. bxc4 Nf6 34. Qh4 g5 35. Qg3 Qc7 36. Qc3 Qe5 37. Ne3 Bd6 38. g3 Bc5 39. Nb3 Qxc3 40. Rxc3 Bb4 41. Rc1 Nd7 42. Nd5 Bc5 43. Kg2 Kg7 44. g4 Nf6 45. Nxc5 Rxc5 46. Ne3 Rxa5 47. Nf5+ Kg6 48. Rb1 Rc5 49. Rb6 Re6 50. Rb8 Ne8 51. Rd2 Rce5 52. Rdd8 a5 53. Nd4 Re7 54. Nc6 Nf6 55. Nxe7+ Rxe7 56. Rd6 Kg7 57. c5 Rc7 58. c6 e3 59. fxe3 Ne4 60. Rd4 Nc5 61. Rb6 Ne6 62. Rd7 Rc8 63. Ra7 Kf8 64. Rxa5 Ke7 65. Rd5 Nd8 66. Rd7+ Ke8 67. Rd6 Ne6 68. Rb7 Nd8 69. Rb6 Ne6 70. Kf3 Ke7 71. Rd1 Nd8 72. Rd7+ Ke8 73. Rd6 Ne6 74. Ke4 Ke7 75. Rd7+ Ke8 76. Ke5 Rxc6 77. Rxc6 Kxd7 78. Ra6 Ke7 79. Ra7+ Ke8 80. Kf6 Nd8 81. e4 Ne6 82. Re7+ Kd8 83. Rxe6 1-0

[Event "Wch U14 Girls"]
[Site "Al Ain"]
[Date "2013.12.26"]
[Round "9"]
[White "Asgharpourmasoleh, Tara"]
[Black "Vrtiakova, Anna"]
[Result "0-1"]
[WhiteElo "1646"]
[BlackElo "1788"]
[PlyCount "126"]
[EventDate "2013.12.18"]
[EventType "swiss"]
[EventRounds "11"]
[EventCountry "UAE"]
[SourceTitle "CBM 158 Extra"]
[Source "ChessBase"]
[SourceDate "2014.02.28"]
[SourceVersion "1"]
[SourceVersionDate "2014.02.28"]
[SourceQuality "1"]

1. e4 c5 2. Nf3 d6 3. d4 cxd4 4. Nxd4 Nf6 5. Nc3 a6 6. Be2 e5 7. Nb3 Be6 8. Be3 Be7 9. 0-0 0-0 10. f3 Nbd7 11. Qe1 Qc7 12. Rd1 Rfd8 13. Kh1 Nb6 14. g4 Nc4 15. Bc1 b5 16. a3 Rac8 17. g5 Nd7 18. Qh4 Nxa3 19. Nd5 Bxd5 20. exd5 Nc4 21. Bd3 g6 22. f4 exf4 23. Rf3 Nde5 24. Rh3 h5 25. Qxf4 Nxd3 26. Rhxd3 Ne5 27. Rc3 Qd7 28. Rxc8 Rxc8 29. c3 Qg4 30. Re1 Bf8 31. Qxg4 Nxg4 32. Kg2 Ne5 33. Re2 Bg7 34. Bf4 Kf8 35. h4 Nc4 36. Kf3 Be5 37. Bxe5 Nxe5+ 38. Kg3 Re8 39. Nd4 Nc4 40. Rxe8+ Kxe8 41. b4 Nb6 42. Ne2 Nxd5 43. Kf3 Kd7 44. Ke4 Ne7 45. Nd4 Nc6 46. Nxc6 Kxc6 47. Kd4 Kc7 48. Ke4 Kd8 49. Kd4 Ke7 50. Ke4 Ke6 51. Kd4 Kf5 52. Kd5 Kg4 53. Kc6 Kxh4 54. Kb6 Kxg5 55. Kxa6 h4 56. c4 h3 57. cxb5 h2 58. b6 h1Q 59. b7 Qc6+ 60. Ka7 Qa4+ 61. Kb8 Qxb4 62. Kc8 d5 63. b8Q Qxb8+ 0-1

[Event "Wch U14 Girls"]
[Site "Al Ain"]
[Date "2013.12.23"]
[Round "7"]
[White "Asgharpourmasoleh, Tara"]
[Black "Van Zyl, Charlize"]
[Result "1/2-1/2"]
[WhiteElo "1646"]
[BlackElo "1810"]
[PlyCount "94"]
[EventDate "2013.12.18"]
[EventType "swiss"]
[EventRounds "11"]
[EventCountry "UAE"]
[SourceTitle "CBM 158 Extra"]
[Source "ChessBase"]
[SourceDate "2014.02.28"]
[SourceVersion "1"]
[SourceVersionDate "2014.02.28"]
[SourceQuality "1"]

1. e4 c6 2. d4 d5 3. Nc3 dxe4 4. Nxe4 Bf5 5. Ng3 Bg6 6. Nf3 Nd7 7. h4 h6 8. h5 Bh7 9. Bd3 Bxd3 10. Qxd3 Qc7 11. Bd2 e6 12. 0-0-0 Ngf6 13. c4 0-0-0 14. Qc2 Bd6 15. Ne4 Nxe4 16. Qxe4 Nf6 17. Qc2 Ng4 18. Rhf1 Bf4 19. Bxf4 Qxf4+ 20. Qd2 Qf5 21. Qe2 Rhe8 22. Ne5 Qf4+ 23. Kb1 Nxe5 24. Qxe5 Qg4 25. g3 f6 26. Qc5 Qe4+ 27. Ka1 Kb8 28. Rfe1 Qf3 29. Rd2 b6 30. Qb4 Qxh5 31. c5 b5 32. a4 a6 33. Qa5 Rd7 34. Qb6+ Rb7 35. Qxc6 Ka7 36. Rxe6 Rxe6 37. Qxe6 Qh1+ 38. Ka2 Qc1 39. Re2 bxa4 40. c6 Rc7 41. d5 Qc4+ 42. Kb1 Qd3+ 43. Kc1 a3 44. Qe3+ Qxe3+ 45. Rxe3 axb2+ 46. Kxb2 Kb6 47. Rd3 Rc8 1/2-1/2

[Event "Wch U14 Girls"]
[Site "Al Ain"]
[Date "2013.12.21"]
[Round "5"]
[White "Asgharpourmasoleh, Tara"]
[Black "Tao, Rachel Long Xin"]
[Result "1/2-1/2"]
[WhiteElo "1646"]
[BlackElo "1436"]
[PlyCount "59"]
[EventDate "2013.12.18"]
[EventType "swiss"]
[EventRounds "11"]
[EventCountry "UAE"]
[SourceTitle "CBM 158 Extra"]
[Source "ChessBase"]
[SourceDate "2014.02.28"]
[SourceVersion "1"]
[SourceVersionDate "2014.02.28"]
[SourceQuality "1"]

1. e4 c5 2. Nf3 Nc6 3. d4 cxd4 4. Nxd4 Qb6 5. Nb3 d6 6. Nc3 e6 7. Be3 Qc7 8. Nb5 Qb8 9. Bf4 e5 10. Be3 a6 11. Nc3 Nf6 12. Bc4 Be7 13. 0-0 0-0 14. f3 Be6 15. Bd5 Qc7 16. g4 Rac8 17. g5 Nd7 18. h4 Nb6 19. Qe2 Nb4 20. Bxe6 fxe6 21. a3 Nc6 22. h5 Nd8 23. Kh1 Nc4 24. Bc1 Qc6 25. g6 h6 26. Nd2 Bf6 27. Nxc4 Qxc4 28. Qd1 Qc5 29. Qd3 Qd4 30. Qe2 1/2-1/2

[Event "Wch U14 Girls"]
[Site "Al Ain"]
[Date "2013.12.20"]
[Round "3"]
[White "Asgharpourmasoleh, Tara"]
[Black "Sieber, Fiona"]
[Result "0-1"]
[WhiteElo "1646"]
[BlackElo "1920"]
[PlyCount "124"]
[EventDate "2013.12.18"]
[EventType "swiss"]
[EventRounds "11"]
[EventCountry "UAE"]
[SourceTitle "CBM 158 Extra"]
[Source "ChessBase"]
[SourceDate "2014.02.28"]
[SourceVersion "1"]
[SourceVersionDate "2014.02.28"]
[SourceQuality "1"]

1. e4 c5 2. Nf3 d6 3. d4 cxd4 4. Nxd4 Nf6 5. Nc3 Nc6 6. Bc4 e6 7. Be3 Be7 8. Qe2 0-0 9. 0-0-0 a6 10. Bb3 Qc7 11. Rhg1 Na5 12. g4 b5 13. g5 Nxb3+ 14. axb3 Nd7 15. Qh5 b4 16. Na4 Nc5 17. Rg3 Nxe4 18. Rh3 h6 19. gxh6 g6 20. h7+ Kh8 21. Qf3 e5 22. Rh6 Bb7 23. Qg4 Rac8 24. h4 Nf6 25. Qe2 exd4 26. Bxd4 Bf3 27. Qd3 Bxd1 28. Kxd1 Qd7 29. Nb6 Qe6 30. Nxc8 Rxc8 31. Qf3 Kg7 32. Qf4 Rh8 33. h5 Rxh7 34. Rxh7+ Kxh7 35. hxg6+ fxg6 36. Bxf6 Bxf6 37. Qxb4 Qd5+ 38. Kc1 Qh1+ 39. Kd2 Bg5+ 40. Ke2 Qd5 41. Qc3 Qe6+ 42. Kf1 Bf6 43. Qc6 Qh3+ 44. Ke2 Qg4+ 45. Ke1 Bd4 46. Qxa6 Qg1+ 47. Qf1 Bxf2+ 48. Ke2 Qxf1+ 49. Kxf1 Bb6 50. b4 Kg7 51. Ke2 Kf6 52. Kf3 Kf5 53. c4 g5 54. b3 g4+ 55. Kg3 Kg5 56. b5 Kf5 57. b4 Kg5 58. c5 dxc5 59. bxc5 Bxc5 60. b6 Bxb6 61. Kg2 Kf4 62. Kf1 Ke5 0-1